Politics in the ASEAN states / (Record no. 1541)
[ view plain ]
| 000 -LEADER | |
|---|---|
| fixed length control field | nam a22 a 4500 |
| 003 - CONTROL NUMBER IDENTIFIER | |
| control field | AKMAL |
| 005 - DATE AND TIME OF LATEST TRANSACTION | |
| control field | 20170511090220.0 |
| 008 - FIXED-LENGTH DATA ELEMENTS--GENERAL INFORMATION | |
| fixed length control field | 170511s1980 my 00 eng d |
| 040 ## - CATALOGING SOURCE | |
| Original cataloging agency | AKMAL |
| 082 04 - DEWEY DECIMAL CLASSIFICATION NUMBER | |
| Classification number | 321 MAU |
| 090 00 - LOCALLY ASSIGNED LC-TYPE CALL NUMBER (OCLC); LOCAL CALL NUMBER (RLIN) | |
| Classification number (OCLC) (R) ; Classification number, CALL (RLIN) (NR) | 321 |
| Local cutter number (OCLC) ; Book number/undivided call number, CALL (RLIN) | MAU |
| 245 00 - TITLE STATEMENT | |
| Title | Politics in the ASEAN states / |
| Statement of responsibility, etc. | editor, Diane K. Mauzy |
| 260 ## - PUBLICATION, DISTRIBUTION, ETC. | |
| Place of publication, distribution, etc. | Kuala Lumpur : |
| Name of publisher, distributor, etc. | Marican & Sons (Malaysia), |
| Date of publication, distribution, etc. | (1980) |
| 300 00 - PHYSICAL DESCRIPTION | |
| Extent | 343p. ; |
| Dimensions | 23cm |
| 490 0# - SERIES STATEMENT | |
| Series statement | Maricans academic series |
| 651 #0 - SUBJECT ADDED ENTRY--GEOGRAPHIC NAME | |
| Geographic name | Asia, Southeastern |
| General subdivision | Politics and government |
| 9 (RLIN) | 3088 |
| 700 1# - ADDED ENTRY--PERSONAL NAME | |
| Personal name | Mauzy, Diane K. |
| Fuller form of name | (Diane Kathleen), |
| Dates associated with a name | 1942- |
| 9 (RLIN) | 3089 |
| 942 ## - ADDED ENTRY ELEMENTS (KOHA) | |
| Source of classification or shelving scheme | |
| Koha item type | Book |
| Withdrawn status | Lost status | Source of classification or shelving scheme | Damaged status | Not for loan | Collection code | Home library | Current library | Shelving location | Date acquired | Inventory number | Total Checkouts | Full call number | Barcode | Date last seen | Price effective from | Koha item type |
|---|---|---|---|---|---|---|---|---|---|---|---|---|---|---|---|---|
| NON-FICTION | AKMAL Melaka | AKMAL Melaka | PINJAMAN | 11.05.2017 | 300157 | 321 MAU | 201702932 | 11.05.2017 | 11.05.2017 | Book |
